[Event "84th Tata Steel Challengers 2022"]
[Site "Wijk aan Zee"]
[Date "2022.01.29"]
[Round "12.7"]
[White "Vogel, Roven"]
[Black "Maurizzi, Marc`Andria"]
[Result "1/2-1/2"]
[WhiteElo "2452"]
[BlackElo "2496"]
[Annotator "RC"]
[PlyCount "97"]
[EventDate "2022.01.15"]
[EventType "tourn"]
[EventCountry "NED"]
[SourceTitle "playchess.com"]
[Source "ChessBase"]
[SourceQuality "1"]
[TimeControl "40/6000+30:20/3000+30:900+30"]

1. c4 {[%emt 0:00:04]} e6 {[%emt 0:00:29]} 2. Nc3 {[%emt 0:00:42]} d5 {[%emt 0:00:20]} 3. d4 {[%emt 0:00:10]} a6 {[%emt 0:00:18]} 4. cxd5 {[%emt 0:01:15]} exd5 {[%emt 0:00:04]} 5. Nf3 {[%emt 0:00:09]} Nf6 {[%emt 0:00:04]} 6. Bg5 {[%emt 0:00:07]} Be6 {[%emt 0:00:04]} 7. Bxf6 {[%emt 0:00:11]} Qxf6 {[%emt 0:00:05]} 8. Qb3 {[%emt 0:00:07]} Ra7 {[%emt 0:00:05]} 9. a3 {[%emt 0:00:09]} b5 {[%emt 0:00:19]} 10. Qc2 {[%emt 0:09:59]} Bf5 {[%emt 0:08:05]} 11. Qd2 {[%emt 0:03:11]} c6 {[%emt 0:00:33]} 12. g3 {[%emt 0:02:16]} Bd6 {[%emt 0:04:59]} 13. Bg2 {[%emt 0:00:56]} O-O {[%emt 0:00:46]} 14. O-O {[%emt 0:02:21]} Re8 {[%emt 0:02:57]} 15. Nh4 {[%emt 0:02:12]} Rae7 {[%emt 0:14:35]} 16. f3 {[%emt 0:07:11]} Bc8 {[%emt 0:03:08]} 17. f4 {[%emt 0:12:55]} b4 {[%emt 0:04:44]} 18. axb4 {[%emt 0:00:44]} Bxb4 {[%emt 0:00:24]} 19. Rf2 {[%emt 0:08:16]} Qd6 {[%emt 0:04:50]} 20. Nf3 {[%emt 0:01:42]} f6 {[%emt 0:00:44]} 21. Ne1 {[%emt 0:04:07]} a5 {[%emt 0:05:02]} 22. Nd3 {[%emt 0:03:28]} Ba6 {[%emt 0:01:25]} 23. Bf3 {[%emt 0:01:35]} Bc4 {[%emt 0:04:32]} 24. Qc2 {[%emt 0:06:30]} Nd7 {[%emt 0:05:34]} 25. Nxb4 {[%emt 0:07:33]} axb4 {[%emt 0:00:44]} 26. Nb1 {[%emt 0:16:48]} Nb6 {[%emt 0:07:25]} 27. Qd1 {[%emt 0:01:41]} Re3 {[%emt 0:06:58]} 28. Nd2 {[%emt 0:01:02]} b3 {[%emt 0:00:34]} 29. Nf1 {[%emt 0:01:08]} R3e7 {[%emt 0:00:37]} 30. Qd2 {[%emt 0:02:27]} Qb8 {[%emt 0:02:55]} 31. g4 {[%emt 0:01:43]} Ra7 {[%emt 0:02:07]} 32. Rb1 {[%emt 0:00:50]} Ra2 {[%emt 0:03:26]} 33. Ng3 {[%emt 0:00:19]} Na4 {[%emt 0:00:29]} 34. Kg2 {[%emt 0:04:41]} Qd6 {[%emt 0:01:11]} 35. f5 {[%emt 0:00:39]} Ra8 {[%emt 0:02:31]} 36. Rff1 {[%emt 0:04:50]} Qa3 {[%emt 0:02:35]} 37. Qe3 {[%emt 0:00:05]} Nxb2 {[%emt 0:00:28]} 38. Qe6+ {[%emt 0:01:33]} Kh8 {[%emt 0:02:22]} 39. Qxc6 {[%emt 0:00:37]} Rd8 {[%emt 0:01:49]} 40. Nh5 {[%emt 0:03:44]} Qe7 {[%emt 0:02:36]} 41. Nf4 {[%emt 0:05:28]} Ra6 {[%emt 0:11:11]} 42. Qc5 {[%emt 0:00:28]} Qxc5 {[%emt 0:00:29]} 43. dxc5 {[%emt 0:00:10]} Na4 {[%emt 0:00:15]} 44. Rfc1 {[%emt 0:02:21]} Nxc5 {[%emt 0:07:59]} 45. Nxd5 {[%emt 0:00:39]} Bxd5 {[%emt 0:00:06]} 46. Rxc5 {[%emt 0:00:34]} Bg8 {[%emt 0:00:49]} 47. Rb5 {[%emt 0:00:14]} Ra3 {[%emt 0:00:47]} 48. Rc1 {[%emt 0:04:04]} Ra7 {[%emt 0:02:20]} 49. h4 {[%emt 0:03:04]} 1/2-1/2

[Event "84th Tata Steel Challengers 2022"]
[Site "Wijk aan Zee"]
[Date "2022.01.30"]
[Round "13.1"]
[White "Maurizzi, Marc`Andria"]
[Black "Erigaisi Arjun"]
[Result "0-1"]
[WhiteElo "2496"]
[BlackElo "2629"]
[Annotator "TA"]
[PlyCount "125"]
[EventDate "2022.01.15"]
[EventType "tourn"]
[EventCountry "NED"]
[SourceTitle "playchess.com"]
[Source "ChessBase"]
[SourceQuality "1"]

{[%evp 10,125,7,12,10,6,3,13,10,12,6,13,5,7,2,16,13,0,0,0,2,0,37,-37,-37,-35,0,0,0,0,0,-37,-9,-14,-16,-17,0,0,0,0,0,0,0,0,8,10,10,5,10,9,9,0,7,7,14,0,2,2,7,0,0,0,0,0,0,0,0,0,0,0,0,0,0,0,0,0,0,0,0,0,0,0,0,0,0,0,0,0,0,0,0,0,0,0,0,0,0,-92,-91,-204,-213,-323,-253,-225,-202,-270,-285,-650,-474,-1534,-147,-152,0,-974,-618,-12846,543,-12847]} 1. d4 Nf6 2. c4 e6 3. Nc3 Bb4 4. Nf3 O-O 5. Bg5 {[%cal Bc1g5,Bg5h4,Bh4g3][%mdl 32]} c5 6. Rc1 h6 {E21: Nimzo-Indian: 4 Nf3.} 7. Bh4 cxd4 8. Nxd4 d5 $1 {The position is equal. The main line 8...d5 scores better than 8...Nc6.} 9. cxd5 Bxc3+ $5 {[%mdl 4] A promising side line.} 10. Rxc3 g5 11. Bg3 {[#]} Qxd5 $146 ({Predecessor:} 11... Ne4 12. Ra3 Qxd5 13. e3 e5 14. Nb5 Qxd1+ 15. Kxd1 Nc6 16. Bd3 Rd8 17. Ke2 Bf5 {½-½ (17) Vullhorst,W-Kyhos,A (1701) ICCF email 2007}) 12. f3 {To avoid Ne4. aiming for e4.} e5 13. Nb3 Qxd1+ 14. Kxd1 e4 15. Nd2 Re8 16. Nxe4 ({White should play} 16. h4 $14) 16... Nxe4 $15 17. fxe4 Nc6 18. e3 Rxe4 19. Bd3 Re8 20. Bb5 Rd8+ 21. Kc1 Nb4 22. Bc4 Bf5 23. Rf1 Be6 24. Bxe6 fxe6 25. Kb1 Rf8 26. Rfc1 Nc6 27. Rb3 Rf7 28. Rd1 Rd8 29. Rxd8+ Nxd8 $11 {[%mdl 4096] Endgame KRB-KRN} 30. a3 Kf8 31. Kc2 Nc6 32. Kd2 Kg7 33. Ke2 Kg6 34. Rd3 h5 35. Rd6 h4 36. Be1 ({Don't blunder} 36. Rxe6+ $2 Kf5 37. Rxc6 bxc6 $19) 36... Kf6 37. h3 Ke7 38. Rd1 e5 39. b4 Ke6 40. b5 Ne7 41. Rd8 Nd5 42. Ra8 b6 43. Bd2 Nf6 44. a4 Ne4 {Hoping for ...Rf2+.} 45. Be1 {Prevents Rf2+.} Kd5 46. Rc8 Ke6 47. Rc6+ Kd5 48. Rc8 Ng3+ 49. Kd3 e4+ 50. Kc3 Nf1 51. Rg8 Rc7+ 52. Kb3 Nxe3 {[%cal Og5g4]} 53. Rxg5+ (53. Bc3 $11) 53... Kd4 $17 {Black is more active.} 54. a5 (54. Rg8 $17 {keeps fighting.}) 54... bxa5 $19 55. g3 (55. Bxh4 $142 Nd5 56. Bf2+ e3 57. Rxd5+ Kxd5 58. Bxe3) 55... hxg3 56. Rxg3 {[#]} Nd5 $1 {Strongly threatening ...e3.} 57. Bxa5 Rc5 58. Ka4 (58. Bd8) 58... e3 {[%cal Be4e3,Be3e2][%mdl 32]} 59. Rg7 (59. Rg8 $142 e2 60. Be1) 59... Nb6+ $2 (59... Kd3 $19 {is more deadly. Threatens to win with ...Rc1.} 60. Rg3 Rc1) 60. Kb4 $17 {Rg4+ is the strong threat.} Nd5+ $2 (60... Rd5 $17 61. Rxa7 Nc8) 61. Ka4 $1 $19 e2 {And now ...Nc3+ would win.} 62. Rxa7 {[#]} Rc7 $4 {[%mdl 8192]} 63. Kb3 $4 {[%mdl 8192] Weighted Error Value: White=0.32/Black=0.33} 0-1

[Event "84th Tata Steel Challengers 2022"]
[Site "Wijk aan Zee"]
[Date "2022.01.30"]
[Round "13.3"]
[White "Shuvalova, Polina"]
[Black "Bjerre, Jonas Buhl"]
[Result "1/2-1/2"]
[WhiteElo "2516"]
[BlackElo "2586"]
[Annotator "TA"]
[PlyCount "33"]
[EventDate "2022.01.15"]
[EventType "tourn"]
[EventCountry "NED"]
[SourceTitle "playchess.com"]
[Source "ChessBase"]
[SourceQuality "1"]

{[%evp 27,33,10,21,24,25,12,25,22]} 1. e4 c5 2. Nf3 e6 3. d4 cxd4 4. Nxd4 Nf6 5. Nc3 Nc6 6. Nxc6 bxc6 7. e5 Nd5 8. Ne4 Qc7 9. f4 Qb6 10. c4 Bb4+ 11. Ke2 f5 12. Nf2 Ba6 13. Kf3 Ne7 14. Be3 Bc5 15. Bxc5 {B45: Sicilian Four Knights.} Qxc5 16. Qa4 {[#]} Qb6 $146 {[%cal Og7g5]} ({Predecessor:} 16... Bb7 17. h4 Qb6 18. Qa3 c5+ 19. Kg3 O-O 20. Rd1 Rfd8 21. Be2 Rab8 22. Rd2 Nc6 {1-0 (37) Esipenko,A (2716)-Abasov,N (2656) Krasnaya Polyana 2021}) 17. c5 {An interesting draw.} 1/2-1/2

[Event "84th Tata Steel Challengers 2022"]
[Site "Wijk aan Zee"]
[Date "2022.01.30"]
[Round "13.4"]
[White "L'Ami, Erwin"]
[Black "Jumabayev, Rinat"]
[Result "1-0"]
[WhiteElo "2622"]
[BlackElo "2631"]
[Annotator "TA"]
[PlyCount "77"]
[EventDate "2022.01.15"]
[EventType "tourn"]
[EventCountry "NED"]
[SourceTitle "playchess.com"]
[Source "ChessBase"]
[SourceQuality "1"]

{[%evp 12,77,20,17,22,24,12,0,14,0,13,0,22,22,36,56,41,44,75,50,66,54,42,59,68,62,60,16,16,12,14,8,16,0,0,0,0,0,0,0,0,0,0,0,0,0,0,0,-4,-9,0,0,0,0,0,0,0,0,302,300,300,296,302,262,313,307,308,279]} 1. d4 Nf6 2. c4 e6 3. Nf3 d5 4. g3 Be7 5. Bg2 O-O 6. O-O c6 7. b3 a5 {7...b6 gains popularity. E06: Closed Catalan: Early deviations.} 8. Nc3 b6 9. Nd2 $5 {[%mdl 4] A promising side line.} b5 {The position is equal.} 10. cxb5 cxb5 11. Nxb5 Qb6 {[#]} 12. Nc3 $146 ({Predecessor:} 12. a4 Nc6 13. e4 Ba6 14. e5 Nd7 15. Nf3 Na7 16. Re1 Nxb5 17. axb5 Bxb5 18. h4 {1-0 (53) Jumabayev,R (2637)-Motylev,A (2639) Krasnaya Polyana 2021}) 12... Qxd4 13. Bb2 {[%cal Oc3d5] [#] Nxd5! is the strong threat.} Qb6 14. e4 {[%cal Re4d5]} Ba6 15. Re1 {[%cal Re4d5]} dxe4 16. Ndxe4 Ra7 $1 17. Na4 Qd8 18. Nxf6+ Bxf6 19. Qxd8 (19. Bxf6 $14 Qxd1 20. Rexd1 (20. Raxd1 gxf6 21. f4 Bb5 $14) 20... gxf6 21. Rac1) 19... Rxd8 $11 20. Bxf6 gxf6 21. Rac1 Rd2 22. Red1 Rc7 23. Ra1 Rxd1+ 24. Rxd1 Be2 25. Re1 Bb5 26. Nb6 Na6 27. Bf1 Bxf1 28. Kxf1 {[%mdl 4096] Endgame KRN-KRN} Nb4 29. Re2 Rc1+ 30. Re1 Rc6 31. Nc4 a4 32. Re2 Kg7 33. Rd2 h5 34. Kg2 Nxa2 $2 {[%mdl 8192]} 35. Rxa2 $18 {White has a decisive advantage.} axb3 36. Ra4 h4 37. g4 Rc5 {[#]} 38. Rb4 $1 Kg6 39. Nd2 {Weighted Error Value: White=0.04 (flawless) /Black=0.24 (precise)} 1-0

[Event "84th Tata Steel Challengers 2022"]
[Site "Wijk aan Zee"]
[Date "2022.01.30"]
[Round "13.5"]
[White "Warmerdam, Max"]
[Black "Dardha, Daniel"]
[Result "0-1"]
[WhiteElo "2599"]
[BlackElo "2533"]
[Annotator "TA"]
[PlyCount "96"]
[EventDate "2022.01.15"]
[EventType "tourn"]
[EventCountry "NED"]
[SourceTitle "playchess.com"]
[Source "ChessBase"]
[SourceQuality "1"]

{[%evp 9,96,19,20,22,23,32,60,60,60,17,16,17,21,12,21,0,-14,0,0,0,9,6,41,58,50,44,62,41,92,74,67,28,27,21,18,1,28,0,0,0,0,0,0,0,0,-22,95,101,112,112,112,112,111,106,130,-100,-100,-99,-99,-99,-100,-108,-7,-7,0,-16,-16,-16,0,0,8,0,0,-407,-22,-22,-22,-36,-36,-29972,-29974,-29974,-29975,-29979,-29980,-29986,-29987,-29987,-29988]} 1. e4 {CB} e5 2. Bc4 Nf6 3. d3 c6 4. Nf3 d5 5. Bb3 Bb4+ 6. Bd2 {C24: Bishop's Opening: 2...Nf6.} Bxd2+ 7. Qxd2 dxe4 8. Nxe5 {White is slightly better.} O-O {[#]} 9. Nc3 $146 (9. Nxf7 $14 Rxf7 10. dxe4) ({Predecessor:} 9. dxe4 Qe7 10. Qf4 Nh5 11. Bxf7+ Kh8 12. Qg3 Rxf7 13. Nxf7+ Qxf7 14. Qd6 Be6 15. Nc3 {½-½ (31) Wei,Y (2734)-Ding,L (2782) Baku 2015 CBM 169 [CB]}) 9... Qe7 10. d4 Be6 11. O-O-O Nbd7 12. Rhe1 Bxb3 13. Nxd7 Qxd7 14. axb3 Qf5 15. h3 h5 {Prevents g4.} 16. g4 $1 hxg4 17. hxg4 Nxg4 18. Rxe4 {[%cal Be1e4,Be4f4,Bf4f5,Bf5h5][%mdl 32]} Rae8 (18... Nxf2 $2 19. Rf4 Qxf4 20. Qxf4 $18) (18... Rfe8 $14 19. Rf4 Qh5) 19. Rf4 $1 $16 Qh5 20. Ne4 {Inhibits Nf6.} f5 21. Ng3 Qg5 22. Rg1 Nf6 {[%cal Bg4f6,Bf6e4,Be4f2][%mdl 32]} 23. Rxf5 (23. Rf3 $5 {[%cal Rd2g5]} Qg6 24. Qd1 $14 (24. Rxf5 Ne4 $11)) 23... Qxd2+ 24. Kxd2 Ne4+ 25. Kc1 Nxf2 26. Rh5 {aiming for Nf5.} g6 27. Rh6 Re6 (27... Kg7 $11 28. Rh2 g5) 28. Nh5 $1 Ne4 29. Rhxg6+ Rxg6 30. Rxg6+ {[%mdl 4096] Endgame KRN-KRN} Kh7 {[%cal Rf8f1]} 31. Rg1 {Prevents Rf1+.} Rf5 {[#]} 32. Ng3 {[#]} (32. Re1 $1 $16 {[%cal Re1e4] is necessary to keep the advantage.}) 32... Ra5 $1 $17 {[%cal Ra5a1] Black is more active.} 33. c4 Ra1+ {[%mdl 64] Skewer} 34. Kc2 Rxg1 35. Nxe4 {KR-KN} Kg6 ({Black should try} 35... Rg6 $17 {With the idea ...Kg7.} 36. Kd3 Rh6) 36. Nd6 $1 $11 b5 37. d5 cxd5 38. c5 {Threatens to win with c6.} Rg2+ 39. Kd3 {c6 is the strong threat.} Rxb2 40. Kc3 Rb1 {[%cal Ob5b4] And now ...b4+! would win.} 41. Nxb5 {[%mdl 8192] [#]} (41. Kd2 $1 $11 {and White is okay.} Rb2+ 42. Kc3) 41... Kf6 $2 (41... Kf5 $1 $19 {Hoping for ...Ke5.} 42. Kc2 Ra1) 42. Nxa7 Ke5 43. Nc6+ Ke4 44. b4 $2 {[%mdl 8192] Now White is beyond hope.} (44. Na5 $15) 44... Rh1 {Black mates.} 45. Na5 d4+ 46. Kd2 Rh2+ 47. Kd1 Kd3 {[%cal Rh2h1]} 48. Ke1 Kc3 {Weighted Error Value: White=0.41/Black=0.30} 0-1

[Event "84th Tata Steel Challengers 2022"]
[Site "Wijk aan Zee"]
[Date "2022.01.30"]
[Round "13.6"]
[White "Van Foreest, Lucas"]
[Black "Vogel, Roven"]
[Result "1/2-1/2"]
[WhiteElo "2530"]
[BlackElo "2452"]
[Annotator "TA"]
[PlyCount "62"]
[EventDate "2022.01.15"]
[EventType "tourn"]
[EventCountry "NED"]
[SourceTitle "playchess.com"]
[Source "ChessBase"]
[SourceQuality "1"]

{[%evp 16,62,27,29,33,0,0,0,8,10,0,0,11,0,0,0,0,0,0,0,0,0,0,0,0,0,0,0,0,0,0,0,0,0,0,0,0,0,0,0,0,0,0,0,0,0,0,0,0]} 1. d4 {Yermolinsky,Alex} d5 2. c4 c6 3. Nf3 Nf6 4. cxd5 cxd5 5. Nc3 Nc6 6. Bf4 a6 7. Rc1 Bf5 8. e3 e6 {8...e6 is better than 8...Rc8.} 9. Qb3 Nh5 {D13: Slav Defence: Exchange variation without ...Bf5.} 10. Be5 f6 {The position is equal.} 11. Bg3 Nxg3 12. hxg3 {[#]} g5 $146 {Prevents Nh4.} ({Don't do} 12... Bb4 13. Nh4 $16 (13. a3 Bxc3+ 14. Rxc3 O-O $14)) ({Predecessor:} 12... Bg6 13. Nh4 Bf7 14. Bd3 f5 15. g4 g6 16. gxf5 exf5 17. Nf3 Bd6 18. O-O O-O {1-0 (55) Xiong,J (2663)-Robson,R (2667) Saint Louis 2019 CBM 189 [Yermolinsky,Alex ]}) 13. a3 ({Not} 13. Qxb7 $2 Na5 14. Bb5+ axb5 15. Qxb5+ Qd7 16. Qxd7+ Kxd7 $19) 13... Bg6 14. Qd1 ({Wrong is} 14. Qxb7 $2 Na5 15. Bb5+ axb5 16. Qxb5+ Kf7 $19) 14... Kf7 15. Bd3 Kg7 16. Bxg6 hxg6 17. Rxh8 Kxh8 18. Na4 Rc8 19. Nc5 Bxc5 20. Rxc5 Kg7 21. Ke2 b6 22. Rc3 Na5 23. Qc2 Rxc3 24. Qxc3 Qd7 25. Nd2 Qc6 26. Qxc6 Nxc6 $11 {KN-KN} 27. Nb1 f5 28. Nc3 {Black must now prevent Na4.} Nb8 29. Na2 Nc6 30. Nc3 {Strongly threatening Na4.} Nb8 31. Na2 Nc6 {An interesting draw.  Weighted Error Value: White=0.03 (flawless) /Black=0.01 (flawless)} 1/2-1/2